« Retourner aux résultats de recherche
Femmes du bloc 10 (Les)
expérimentations médicales à Auschwitz
| Auteur principal: | Hans-Joachim Lang |
|---|---|
| Support: | Livres |
| Langue: | Francais |
| Genre: |
Documentaire |
| Sujets: | |
| Étiquettes: |
Ajouter
Pas de Tags !
|
| LEADER | 01034nam0a2200193 450 | ||
|---|---|---|---|
| 001 | 16848394 | ||
| 010 | |a 978-2-213-72675-5 |b br. |d 25 | ||
| 100 | |a 20241010d2025 u u0frey01 ba | ||
| 101 | 0 | |a fre | |
| 102 | |a FR | ||
| 200 | 0 | |a Femmes du bloc 10 (Les) |e expérimentations médicales à Auschwitz |f Hans-Joachim Lang | |
| 207 | 1 | |a | |
| 215 | |a 1 vol. (400 p.) |d 22 x 14 cm | ||
| 300 | |a Traduit de l'allemand | ||
| 330 | |a En mars 1942, les premières déportées, Polonaises, Grecques ou encore Belges, arrivent à Auschwitz. Regroupées au sein du bloc 10, elles sont livrées au Dr Clauberg, qui s'est fait connaître pour ses travaux sur la stérilisation sans opération, par injection ou par irradiation. Le médecin est chargé de mettre ces pratiques en oeuvre sur les internées, jugées inférieures par le régime nazi. | ||
| 700 | 0 | |a Lang |b Hans-Joachim |4 70 | |
| 900 | |a Documentaire | ||
| 901 | |a Accessible au prêt | ||
| 995 | |a Bibliothèque |c Bibliothèque |f 00156011587755 |h 00156011587755 |k 940.531 LAN |o p |q a |r az |e Bibliothèque | ||
